[Event "Cappelle Online Blitz op"]
[Site "Europe Echecs INT"]
[Date "2022.01.09"]
[Round "11"]
[White "Hamon, Christian"]
[Black "Duquesnoy, Jean Philippe"]
[Result "0-1"]
[WhiteElo "2015"]
[BlackElo "2166"]
[PlyCount "82"]
[EventDate "2022.01.09"]
[EventType "swiss (blitz)"]
[EventRounds "11"]
[EventCountry "FRA"]
[SourceTitle "EXT 2023"]
[Source "ChessBase"]
[SourceDate "2022.10.05"]
[SourceVersion "1"]
[SourceVersionDate "2022.10.05"]
[SourceQuality "1"]

1. Nf3 b5 2. g3 Bb7 3. Bg2 Nf6 4. 0-0 g6 5. d3 Bg7 6. e4 d6 7. Nbd2 0-0 8. Re1 Nbd7 9. c3 c5 10. Qe2 a5 11. Nf1 Qc7 12. h4 c4 13. dxc4 bxc4 14. e5 dxe5 15. Nxe5 Bxg2 16. Nxd7 Nxd7 17. Kxg2 Ne5 18. Bf4 Qb7+ 19. Qe4 Qxe4+ 20. Rxe4 Nd3 21. Rb1 e5 22. Be3 Rfc8 23. Nd2 Rcb8 24. Rxc4 Rxb2 25. Rxb2 Nxb2 26. Rc7 f5 27. Bc5 Nd3 28. Be7 e4 29. c4 Bd4 30. Nb3 Bxf2 31. c5 a4 32. Nd2 e3 33. Nf3 e2 34. Rd7 Bxc5 35. Bxc5 Nxc5 36. Re7 Ne4 37. g4 Kf8 38. Re6 Re8 39. gxf5 gxf5 40. Ra6 Nd2 41. Rxa4 Nxf3 0-1

[Event "C'Chartres Blitz op April"]
[Site "Europe Echecs INT"]
[Date "2021.04.10"]
[Round "9"]
[White "Hamon, Christian"]
[Black "Bulmaga, Irina"]
[Result "0-1"]
[WhiteElo "2015"]
[BlackElo "2440"]
[PlyCount "66"]
[EventDate "2021.04.10"]
[EventType "swiss (blitz)"]
[EventRounds "11"]
[EventCountry "FRA"]
[SourceTitle "CBM 201 Extra"]
[Source "ChessBase"]
[SourceDate "2021.05.31"]
[SourceVersion "1"]
[SourceVersionDate "2021.05.31"]
[SourceQuality "1"]

1. Nf3 Nf6 2. g3 b6 3. Bg2 Bb7 4. 0-0 e6 5. d4 Be7 6. c4 0-0 7. Nc3 Ne4 8. Qc2 Nxc3 9. Qxc3 Be4 10. b4 a5 11. c5 axb4 12. Qxb4 Nc6 13. Qd2 bxc5 14. dxc5 Bxc5 15. Bb2 f6 16. Rfd1 d6 17. Nd4 Bxd4 18. Bxe4 d5 19. Bxh7+ Kxh7 20. Bxd4 Nxd4 21. Qxd4 Qe7 22. a4 Ra5 23. e4 Rfa8 24. exd5 exd5 25. Re1 Qd7 26. Qh4+ Kg8 27. Qh5 d4 28. Qg6 d3 29. Rad1 Rd5 30. Re3 d2 31. Re2 Rd8 32. a5 Qb5 33. Qe4 Re5 0-1

[Event "C'Chartres Blitz op April"]
[Site "Europe Echecs INT"]
[Date "2021.04.10"]
[Round "7"]
[White "Hamon, Christian"]
[Black "Ternault, Mathieu"]
[Result "0-1"]
[WhiteElo "2015"]
[BlackElo "2308"]
[PlyCount "80"]
[EventDate "2021.04.10"]
[EventType "swiss (blitz)"]
[EventRounds "11"]
[EventCountry "FRA"]
[SourceTitle "CBM 201 Extra"]
[Source "ChessBase"]
[SourceDate "2021.05.31"]
[SourceVersion "1"]
[SourceVersionDate "2021.05.31"]
[SourceQuality "1"]

1. Nf3 Nf6 2. g3 b5 3. Bg2 Bb7 4. 0-0 e6 5. d4 c5 6. c3 Be7 7. e3 0-0 8. Re1 d5 9. Nbd2 Nbd7 10. dxc5 Nxc5 11. Nb3 a5 12. Nbd4 b4 13. Bd2 Nd3 14. Rf1 Nxb2 15. Qc2 Nc4 16. cxb4 axb4 17. Rfb1 Na3 18. Qb3 Nxb1 19. Rxb1 Qa5 20. Bxb4 Bxb4 21. Qxb4 Qxb4 22. Rxb4 Ba6 23. a4 Rfb8 24. Rxb8+ Rxb8 25. h3 Rb1+ 26. Kh2 Ra1 27. Ne5 Rxa4 28. Nec6 Ra2 29. Kg1 Ne4 30. Bxe4 dxe4 31. g4 Be2 32. Kg2 Bd1 33. Kg3 g5 34. h4 h6 35. hxg5 hxg5 36. f4 exf3 37. Nxf3 Bxf3 38. Kxf3 f6 39. Ne7+ Kf7 40. Nc8 Ra6 0-1

[Event "C'Chartres Blitz op April"]
[Site "Europe Echecs INT"]
[Date "2021.04.10"]
[Round "2"]
[White "Santos Latasa, Jaime"]
[Black "Hamon, Christian"]
[Result "1-0"]
[WhiteElo "2608"]
[BlackElo "2015"]
[PlyCount "65"]
[EventDate "2021.04.10"]
[EventType "swiss (blitz)"]
[EventRounds "11"]
[EventCountry "FRA"]
[SourceTitle "CBM 201 Extra"]
[Source "ChessBase"]
[SourceDate "2021.05.31"]
[SourceVersion "1"]
[SourceVersionDate "2021.05.31"]
[SourceQuality "1"]

1. b3 Nf6 2. Bb2 g6 3. c4 Bg7 4. g3 0-0 5. Bg2 d6 6. d4 c5 7. d5 b5 8. Nd2 bxc4 9. bxc4 a5 10. Qc2 a4 11. a3 Bf5 12. e4 Bd7 13. Ne2 Qc8 14. h3 Na6 15. g4 e5 16. Ng3 Rb8 17. Bc3 h5 18. gxh5 Nxh5 19. Nxh5 gxh5 20. f4 Qd8 21. 0-0 f5 22. Rae1 Qh4 23. Nf3 Qg3 24. fxe5 fxe4 25. Rxe4 Bxh3 26. Be1 Qxg2+ 27. Qxg2 Bxg2 28. Kxg2 Rb2+ 29. Rf2 Rxf2+ 30. Bxf2 dxe5 31. Nxe5 Rf5 32. Nd3 Rg5+ 33. Kf3 1-0

[Event "Cappelle Online Blitz op"]
[Site "Europe Echecs INT"]
[Date "2021.03.07"]
[Round "1"]
[White "Battah, Cedric"]
[Black "Hamon, Christian"]
[Result "0-1"]
[WhiteElo "1116"]
[BlackElo "2015"]
[PlyCount "114"]
[EventDate "2021.03.07"]
[EventType "swiss (blitz)"]
[EventRounds "11"]
[EventCountry "FRA"]
[SourceTitle "CBM 201 Extra"]
[Source "ChessBase"]
[SourceDate "2021.05.31"]
[SourceVersion "1"]
[SourceVersionDate "2021.05.31"]
[SourceQuality "1"]

1. d4 Nf6 2. Bf4 g6 3. e3 Bg7 4. Nf3 d5 5. c3 0-0 6. Nbd2 c5 7. Bd3 cxd4 8. cxd4 Nc6 9. Rc1 Nh5 10. 0-0 Nxf4 11. exf4 Bg4 12. h3 Bxf3 13. Nxf3 Nxd4 14. Nxd4 Bxd4 15. f5 Bg7 16. fxg6 hxg6 17. Re1 e6 18. Bb5 Qb6 19. Qb3 Bd4 20. Rc2 Rac8 21. Ree2 Kg7 22. Kf1 Rc5 23. Rxc5 Bxc5 24. Ba4 Rc8 25. Qxb6 Bxb6 26. Rc2 Rd8 27. f3 d4 28. Rd2 e5 29. Rd3 f5 30. Ke2 Kf6 31. g4 e4 32. fxe4 fxe4 33. Rd1 Ke5 34. Bc2 d3+ 35. Bxd3 exd3+ 36. Rxd3 Rxd3 37. Kxd3 Kf4 38. b4 Kg3 39. Kc4 Kxh3 40. g5 Kg4 41. a4 Kxg5 42. a5 Bc7 43. b5 Kf4 44. Kc5 Bxa5 45. Kd6 g5 46. Ke6 g4 47. Kd5 g3 48. Ke6 g2 49. Kd6 g1Q 50. Kd7 Qd4+ 51. Ke7 Qd8+ 52. Ke6 Qe8+ 53. Kd5 Qd7+ 54. Kc4 Be1 55. Kb3 Qd4 56. Kc2 Qc3+ 57. Kd1 Qd2# 0-1

[Event "Cappelle Online Blitz op"]
[Site "Europe Echecs INT"]
[Date "2021.03.07"]
[Round "4"]
[White "Hamon, Christian"]
[Black "Brunner, Nicolas"]
[Result "0-1"]
[WhiteElo "2015"]
[BlackElo "2418"]
[PlyCount "46"]
[EventDate "2021.03.07"]
[EventType "swiss (blitz)"]
[EventRounds "11"]
[EventCountry "FRA"]
[SourceTitle "CBM 201 Extra"]
[Source "ChessBase"]
[SourceDate "2021.05.31"]
[SourceVersion "1"]
[SourceVersionDate "2021.05.31"]
[SourceQuality "1"]

1. Nf3 d5 2. g3 Nf6 3. Bg2 c6 4. 0-0 Bg4 5. d4 Nbd7 6. c4 e6 7. cxd5 exd5 8. Nc3 Bd6 9. a3 a5 10. Re1 0-0 11. h3 Bh5 12. Be3 Re8 13. Qd2 a4 14. Bf4 Qb8 15. Bxd6 Qxd6 16. Nh4 Bg6 17. Nxg6 hxg6 18. Rad1 Nb6 19. Qc2 Re7 20. e4 dxe4 21. Nxe4 Nxe4 22. Bxe4 Rae8 23. Qc3 Rxe4 0-1

[Event "Cappelle Online Rapid op"]
[Site "Europe Echecs INT"]
[Date "2021.03.06"]
[Round "3"]
[White "Hamon, Christian"]
[Black "Muetsch, Annmarie"]
[Result "1/2-1/2"]
[WhiteElo "2015"]
[BlackElo "2266"]
[PlyCount "105"]
[EventDate "2021.03.06"]
[EventType "swiss (rapid)"]
[EventRounds "9"]
[EventCountry "FRA"]
[SourceTitle "CBM 201 Extra"]
[Source "ChessBase"]
[SourceDate "2021.05.31"]
[SourceVersion "1"]
[SourceVersionDate "2021.05.31"]
[SourceQuality "1"]

1. Nf3 Nf6 2. g3 g6 3. Bg2 Bg7 4. 0-0 0-0 5. c4 d6 6. Nc3 e5 7. d3 a5 8. Rb1 Nc6 9. a3 h6 10. b4 axb4 11. axb4 Be6 12. e4 Qd7 13. Nd5 Ne8 14. b5 Ne7 15. Re1 Bg4 16. Nxe7+ Qxe7 17. h3 Be6 18. Nh4 Kh7 19. Bb2 c5 20. Ra1 Nc7 21. Qd2 b6 22. Rxa8 Rxa8 23. Ra1 Qd8 24. Qc1 Bd7 25. Kh2 Ne6 26. Nf3 g5 27. Rxa8 Qxa8 28. Qa1 Qxa1 29. Bxa1 Kg6 30. Bc3 h5 31. Kg1 Bf6 32. Kf1 g4 33. hxg4 hxg4 34. Nd2 Nd4 35. Bxd4 exd4 36. f4 gxf3 37. Bxf3 Bg5 38. Nb3 Kf6 39. Na1 Ke5 40. Kg2 f5 41. Nc2 Bd2 42. Kf2 Kf6 43. Ke2 Bc1 44. Ne1 Kg5 45. Ng2 Bc8 46. Kd1 Ba3 47. Ke2 fxe4 48. dxe4 Be6 49. Kd3 Bc1 50. Kc2 Ba3 51. Kd3 Bc1 52. Kc2 Ba3 53. Kd3 1/2-1/2

[Event "Cappelle Online Rapid op"]
[Site "Europe Echecs INT"]
[Date "2021.03.06"]
[Round "4"]
[White "Sochacki, Christophe"]
[Black "Hamon, Christian"]
[Result "1-0"]
[WhiteElo "2477"]
[BlackElo "2015"]
[PlyCount "87"]
[EventDate "2021.03.06"]
[EventType "swiss (rapid)"]
[EventRounds "9"]
[EventCountry "FRA"]
[SourceTitle "CBM 201 Extra"]
[Source "ChessBase"]
[SourceDate "2021.05.31"]
[SourceVersion "1"]
[SourceVersionDate "2021.05.31"]
[SourceQuality "1"]

1. c4 Nf6 2. Nc3 g6 3. d4 d5 4. cxd5 Nxd5 5. e4 Nxc3 6. bxc3 Bg7 7. Bc4 0-0 8. Ne2 b6 9. 0-0 Bb7 10. f3 Nc6 11. Bg5 Na5 12. Bb5 a6 13. Ba4 h6 14. Bh4 Nc4 15. Qe1 Ne3 16. Rf2 g5 17. Bg3 c5 18. Qc1 Nc4 19. Bb3 Na5 20. h4 cxd4 21. cxd4 Rc8 22. Qe3 Nxb3 23. axb3 e6 24. hxg5 hxg5 25. f4 f5 26. exf5 exf5 27. fxg5 Bd5 28. Raf1 Be4 29. Be5 Rc2 30. Ng3 Rxf2 31. Rxf2 Bxe5 32. dxe5 Qd1+ 33. Rf1 Qg4 34. e6 Re8 35. Rf4 Qd1+ 36. Kh2 Rxe6 37. Rh4 Qd6 38. Qc3 Qe5 39. Qc8+ Re8 40. Qc4+ Qe6 41. Qxa6 Qxb3 42. Qa7 Qf7 43. Rh8+ Kg7 44. Rh7+ 1-0

[Event "C'Chartres Blitz op"]
[Site "Europe Echecs INT"]
[Date "2020.11.28"]
[Round "1"]
[White "Hamon, Christian"]
[Black "Dumont, Frederic"]
[Result "1-0"]
[WhiteElo "2015"]
[BlackElo "1366"]
[PlyCount "109"]
[EventDate "2020.11.28"]
[EventType "swiss (blitz)"]
[EventRounds "11"]
[EventCountry "FRA"]
[SourceTitle "CBM 199 Extra"]
[Source "ChessBase"]
[SourceDate "2021.01.31"]
[SourceVersion "1"]
[SourceVersionDate "2021.01.31"]
[SourceQuality "1"]

1. Nf3 Nc6 2. d4 d5 3. g3 Nf6 4. Bg2 e6 5. 0-0 Be7 6. c4 0-0 7. Nc3 Bd6 8. c5 Be7 9. Re1 b6 10. cxb6 cxb6 11. Bf4 Bb7 12. Ne5 Nxe5 13. Bxe5 Nd7 14. Bf4 Nf6 15. Rc1 Bd6 16. Qd2 Qd7 17. Bxd6 Qxd6 18. Nb5 Qd7 19. a4 Rfc8 20. Qf4 a6 21. Nc3 Nh5 22. Qg5 g6 23. h4 Ng7 24. Qe5 Qd8 25. b4 f6 26. Qe3 Qd6 27. b5 a5 28. Bh3 Re8 29. Qd2 f5 30. Bg2 Nh5 31. e3 Nf6 32. Qb2 Ng4 33. Ne2 Rac8 34. Rxc8 Rxc8 35. Nf4 Nf6 36. Rc1 Rxc1+ 37. Qxc1 Kg7 38. Bf3 Kf7 39. Nd3 h6 40. Ne5+ Ke7 41. Nxg6+ Kf7 42. Ne5+ Kg7 43. Nc6 h5 44. Ne5 Ng4 45. Bxg4 fxg4 46. Qc2 Kf8 47. Qg6 Ke7 48. Qg5+ Ke8 49. Qxh5+ Ke7 50. Qxg4 Qa3 51. Qg7+ Kd6 52. Qxb7 Qc1+ 53. Kg2 Qc2 54. Qc6+ Ke7 55. Qxc2 1-0

[Event "C'Chartres Blitz op"]
[Site "Europe Echecs INT"]
[Date "2020.11.28"]
[Round "8"]
[White "Maingret, Valentin"]
[Black "Hamon, Christian"]
[Result "1/2-1/2"]
[WhiteElo "1459"]
[BlackElo "2015"]
[PlyCount "180"]
[EventDate "2020.11.28"]
[EventType "swiss (blitz)"]
[EventRounds "11"]
[EventCountry "FRA"]
[SourceTitle "CBM 199 Extra"]
[Source "ChessBase"]
[SourceDate "2021.01.31"]
[SourceVersion "1"]
[SourceVersionDate "2021.01.31"]
[SourceQuality "1"]

1. d4 Nf6 2. c4 e6 3. Nc3 Bb4 4. Bg5 h6 5. Bh4 g5 6. Bg3 Ne4 7. Qc2 f5 8. Be5 Rg8 9. f3 Nxc3 10. bxc3 Be7 11. e4 d6 12. Bg3 f4 13. Bf2 d5 14. e5 c5 15. Qh7 Rf8 16. Qg6+ Kd7 17. cxd5 Kc7 18. d6+ Bxd6 19. exd6+ Qxd6 20. Qg7+ Nd7 21. Bb5 cxd4 22. Qxd4 Nb6 23. Qxd6+ Kxd6 24. 0-0-0+ Kc7 25. Bc5 Rd8 26. Ne2 Nd5 27. c4 Ne3 28. Rxd8 Kxd8 29. Bxe3 fxe3 30. Rd1+ Kc7 31. Nd4 a6 32. Ba4 e5 33. Nb3 Be6 34. c5 Bc4 35. Re1 e2 36. Nd2 Bd3 37. Bb3 b5 38. Bd5 Rd8 39. Be4 a5 40. Bxd3 Rxd3 41. Kc2 Ra3 42. Rxe2 Rxa2+ 43. Kd3 b4 44. Nc4 Ra1 45. Ke4 a4 46. Kxe5 b3 47. Nb2 Ra2 48. Kd4 a3 49. Kc3 axb2 50. Rxb2 Ra5 51. Rxb3 Rxc5+ 52. Kd3 Rf5 53. Rc3+ Kd6 54. Ke4 Rf7 55. Rd3+ Ke6 56. Re3 Kf6 57. Kd4 Rd7+ 58. Ke4 Rd2 59. f4 Rxg2 60. fxg5+ hxg5 61. Rf3+ Kg6 62. h3 Re2+ 63. Kd3 Re1 64. Kd2 Ra1 65. Kd3 Ra3+ 66. Ke2 Ra2+ 67. Kd3 Kh5 68. Ke3 Ra3+ 69. Kf2 Ra2+ 70. Ke3 Kh4 71. Ke4 Ra4+ 72. Kf5 Ra5+ 73. Ke4 Kh5 74. Ke3 Ra3+ 75. Ke4 Ra4+ 76. Ke3 Rh4 77. Kf2 Ra4 78. Ke3 Ra1 79. Ke4 Re1+ 80. Kd3 Kh4 81. Kd2 Re5 82. Kd3 Ra5 83. Kd2 Ra2+ 84. Kd3 Ra3+ 85. Ke2 Rxf3 86. Kxf3 Kxh3 87. Kf2 Kh2 88. Kf3 Kh3 89. Kf2 Kh4 90. Kf3 Kh3 1/2-1/2

[Event "Europe Echecs Blitz Nov op"]
[Site "Europe Echecs INT"]
[Date "2020.11.08"]
[Round "11"]
[White "Daulyte Cornette, Deimante"]
[Black "Hamon, Christian"]
[Result "1-0"]
[WhiteElo "2400"]
[BlackElo "2015"]
[PlyCount "67"]
[EventDate "2020.11.08"]
[EventType "swiss (blitz)"]
[EventRounds "11"]
[EventCountry "FRA"]
[SourceTitle "CBM 199 Extra"]
[Source "ChessBase"]
[SourceDate "2021.01.31"]
[SourceVersion "1"]
[SourceVersionDate "2021.01.31"]
[SourceQuality "1"]

1. e4 Nf6 2. e5 Nd5 3. d4 d6 4. c4 Nb6 5. exd6 cxd6 6. Nc3 g6 7. h3 Bg7 8. Nf3 0-0 9. Be2 Nc6 10. 0-0 d5 11. c5 Nc4 12. b3 N4a5 13. a3 e5 14. dxe5 Nxe5 15. Bb2 Nxf3+ 16. Bxf3 d4 17. Nb5 Nc6 18. Bxc6 bxc6 19. Nxd4 Qc7 20. Qf3 Rb8 21. b4 Ba6 22. Rfe1 Bc4 23. Rad1 Bd5 24. Qd3 a5 25. Bc3 axb4 26. axb4 Rbd8 27. Qc2 Qf4 28. Ne2 Qg5 29. Ng3 Bxc3 30. Qxc3 h5 31. Rxd5 Rxd5 32. Ne4 Qf4 33. Nf6+ Kh8 34. Nxd5+ 1-0

[Event "Europe Echecs Blitz Nov op"]
[Site "Europe Echecs INT"]
[Date "2020.11.08"]
[Round "7"]
[White "Hamon, Christian"]
[Black "Travadon, Loic"]
[Result "1-0"]
[WhiteElo "2015"]
[BlackElo "2421"]
[PlyCount "119"]
[EventDate "2020.11.08"]
[EventType "swiss (blitz)"]
[EventRounds "11"]
[EventCountry "FRA"]
[SourceTitle "CBM 199 Extra"]
[Source "ChessBase"]
[SourceDate "2021.01.31"]
[SourceVersion "1"]
[SourceVersionDate "2021.01.31"]
[SourceQuality "1"]

1. Nf3 Nf6 2. g3 g6 3. Bg2 Bg7 4. 0-0 0-0 5. c4 d6 6. Nc3 Bf5 7. d3 Qc8 8. Re1 Bh3 9. Bh1 h6 10. e4 Ng4 11. d4 e5 12. dxe5 Nxe5 13. Nxe5 dxe5 14. Be3 Nc6 15. Nd5 Re8 16. b4 Nd8 17. Qd2 c6 18. Nc3 h5 19. Rad1 Ne6 20. Ne2 a5 21. b5 h4 22. Qd7 Qxd7 23. Rxd7 Nd4 24. Rxb7 Rad8 25. Bxd4 exd4 26. bxc6 Bg4 27. f3 Bc8 28. Rb5 Ba6 29. Nf4 d3 30. Rd1 d2 31. Kf2 hxg3+ 32. hxg3 Rd6 33. c7 Rc8 34. Rb8 Bd4+ 35. Ke2 Bxc4+ 36. Kxd2 Ba6 37. Rxc8+ Bxc8 38. Nd5 Kg7 39. Kd3 Bf2 40. g4 f5 41. gxf5 gxf5 42. Rd2 Ba6+ 43. Kc2 Rc6+ 44. Kb2 Bc5 45. exf5 a4 46. f6+ Kf7 47. f4 a3+ 48. Kb1 Bc8 49. Be4 Re6 50. Nc3 Rb6+ 51. Kc2 Be6 52. Bd5 Bxd5 53. Rxd5 Rb2+ 54. Kd3 Rb8 55. cxb8Q Be7 56. Qc7 Kg6 57. Rd7 Kh6 58. Rxe7 Kg6 59. Rg7+ Kf5 60. Qe5# 1-0

[Event "Europe Echecs Blitz Nov op"]
[Site "Europe Echecs INT"]
[Date "2020.11.08"]
[Round "8"]
[White "Rakotomaharo, Fy Antenaina"]
[Black "Hamon, Christian"]
[Result "1-0"]
[WhiteElo "2422"]
[BlackElo "2015"]
[PlyCount "73"]
[EventDate "2020.11.08"]
[EventType "swiss (blitz)"]
[EventRounds "11"]
[EventCountry "FRA"]
[SourceTitle "CBM 199 Extra"]
[Source "ChessBase"]
[SourceDate "2021.01.31"]
[SourceVersion "1"]
[SourceVersionDate "2021.01.31"]
[SourceQuality "1"]

1. d4 Nf6 2. Nf3 g6 3. Nbd2 d5 4. e3 Bg7 5. b4 0-0 6. Bb2 c6 7. c4 Bf5 8. Qb3 Nbd7 9. Be2 Ne4 10. cxd5 Nxd2 11. Nxd2 cxd5 12. Qxd5 Qb6 13. Qb5 Rac8 14. e4 Be6 15. Qxb6 Nxb6 16. Bd1 Nc4 17. Nxc4 Bxc4 18. Kd2 Rfd8 19. Ke3 b5 20. a4 a6 21. axb5 Bxb5 22. Bb3 e6 23. Rac1 Bh6+ 24. f4 e5 25. g3 exd4+ 26. Bxd4 g5 27. Rxc8 Rxc8 28. Rd1 gxf4+ 29. gxf4 Kf8 30. Bc5+ Ke8 31. Rg1 Rc6 32. Rg8+ Kd7 33. Bxf7 Bxf4+ 34. Kxf4 Rf6+ 35. Ke5 Rxf7 36. Ra8 Rg7 37. Ra7+ 1-0

[Event "FRA-ch Blitz Online Qual"]
[Site "Europe Echecs INT"]
[Date "2020.05.16"]
[Round "9"]
[White "Hamon, Christian"]
[Black "Villeneuve, Samuel"]
[Result "0-1"]
[WhiteElo "2015"]
[BlackElo "1807"]
[PlyCount "112"]
[EventDate "2020.05.16"]
[EventType "swiss (blitz)"]
[EventRounds "15"]
[EventCountry "FRA"]
[SourceTitle "CBM 196 Extra"]
[Source "ChessBase"]
[SourceDate "2020.07.31"]
[SourceVersion "1"]
[SourceVersionDate "2020.07.31"]
[SourceQuality "1"]

1. Nf3 d5 2. g3 Nf6 3. Bg2 Bf5 4. 0-0 e6 5. d4 Be7 6. b3 Nbd7 7. Bb2 Ne4 8. Nbd2 Ndf6 9. Ne5 h5 10. Nxe4 Nxe4 11. f3 Nd6 12. e4 dxe4 13. fxe4 Bg4 14. Qd2 f6 15. Ng6 Rh6 16. Nxe7 Qxe7 17. e5 fxe5 18. dxe5 Nf5 19. Bxb7 Rb8 20. Bc6+ Kf8 21. a4 Qc5+ 22. Bd4 Qxc6 23. b4 Kg8 24. b5 Qd5 25. c3 h4 26. Qf4 Bh3 27. Rf2 hxg3 28. hxg3 Rg6 29. Kh2 Rxg3 30. Rg1 Rxg1 31. Kxg1 Rf8 32. Qg5 Nxd4 33. Rxf8+ Kxf8 34. cxd4 Qxd4+ 35. Kh2 Bf5 36. Qg3 Qxa4 37. Qc3 Qxb5 38. Qxc7 Qe2+ 39. Kg3 Qe3+ 40. Kh2 Qh3+ 41. Kg1 Qe3+ 42. Kh2 Qb6 43. Qc8+ Kf7 44. Qd7+ Kg6 45. Qd2 Qc5 46. Qe2 a5 47. Qg2+ Kf7 48. Qb7+ Kg8 49. Qb8+ Qf8 50. Qb5 Qb4 51. Qe8+ Qf8 52. Qa4 g5 53. Kg3 Qh6 54. Qe8+ Qf8 55. Qb5 Kh7 56. Qxa5 Qh6 0-1

[Event "Reunion op 21st"]
[Site "St Denis"]
[Date "2019.10.20"]
[Round "6"]
[White "Triton, Maxime"]
[Black "Hamon, Christian"]
[Result "1/2-1/2"]
[WhiteElo "1835"]
[BlackElo "2001"]
[PlyCount "68"]
[EventDate "2019.10.20"]
[EventType "swiss"]
[EventRounds "9"]
[EventCountry "RUF"]
[SourceTitle "CBM 192 Extra"]
[Source "Chessbase"]
[SourceDate "2019.11.06"]
[SourceVersion "1"]
[SourceVersionDate "2019.11.06"]
[SourceQuality "1"]

1. e4 c5 2. Nf3 Nc6 3. Bb5 g6 4. Bxc6 bxc6 5. 0-0 Bg7 6. c3 e5 7. d3 Ne7 8. Nbd2 d6 9. Nc4 0-0 10. Re1 h6 11. a3 a5 12. a4 Be6 13. Be3 f5 14. exf5 gxf5 15. Qe2 f4 16. Bc1 Bg4 17. h3 Bh5 18. d4 cxd4 19. cxd4 Ng6 20. dxe5 Nxe5 21. Ncxe5 dxe5 22. Qe4 Bxf3 23. Qxf3 Qd4 24. Ra3 Rad8 25. Kh2 Rf5 26. Qe4 Qxe4 27. Rxe4 Rd6 28. Rc3 Rdf6 29. Rec4 e4 30. Rxc6 f3 31. Rc2 h5 32. h4 Rd5 33. gxf3 exf3 34. Kg3 Rff5 1/2-1/2

[Event "Reunion op 14th"]
[Site "St Denis"]
[Date "2012.10.12"]
[Round "8"]
[White "Hamon, Christian"]
[Black "Caron, Jean Marie"]
[Result "1/2-1/2"]
[WhiteElo "2053"]
[BlackElo "1872"]
[PlyCount "72"]
[EventDate "2012.10.06"]
[EventType "swiss"]
[EventRounds "9"]
[EventCountry "RUF"]
[SourceTitle "EXT 2013"]
[Source "ChessBase"]
[SourceDate "2012.11.22"]
[SourceVersion "1"]
[SourceVersionDate "2012.11.22"]
[SourceQuality "1"]

1. d4 Nf6 2. c4 e6 3. Nf3 Bb4+ 4. Bd2 Bxd2+ 5. Nbxd2 d6 6. e4 Nbd7 7. Be2 e5 8. 0-0 0-0 9. d5 Nc5 10. Qc2 a5 11. Rfe1 Bd7 12. Rab1 Qe7 13. b3 Ra7 14. a3 Rfa8 15. b4 axb4 16. axb4 Ra2 17. Rb2 Rxb2 18. Qxb2 Ncxe4 19. Nxe4 Nxe4 20. c5 Qe8 21. Qc2 f5 22. cxd6 cxd6 23. Qc7 Qc8 24. Qb6 Ra2 25. Bd3 Nxf2 26. Bb1 Rb2 27. Qxd6 e4 28. Qe5 Rxb4 29. Qe7 Rb2 30. Ne5 Be8 31. d6 Nh3+ 32. gxh3 Qc5+ 33. Kh1 Rxh2+ 34. Kxh2 Qf2+ 35. Kh1 Qxe1+ 36. Kg2 Qe2+ 1/2-1/2

[Event "Reunion op 14th"]
[Site "St Denis"]
[Date "2012.10.10"]
[Round "5"]
[White "Rajaonson, Andriamahenina"]
[Black "Hamon, Christian"]
[Result "0-1"]
[WhiteElo "1897"]
[BlackElo "2053"]
[PlyCount "66"]
[EventDate "2012.10.06"]
[EventType "swiss"]
[EventRounds "9"]
[EventCountry "RUF"]
[SourceTitle "EXT 2013"]
[Source "ChessBase"]
[SourceDate "2012.11.22"]
[SourceVersion "1"]
[SourceVersionDate "2012.11.22"]
[SourceQuality "1"]

1. f4 d5 2. Nf3 Bg4 3. e3 Nf6 4. Be2 Nbd7 5. 0-0 Bxf3 6. Bxf3 e5 7. d4 e4 8. Be2 Bd6 9. c4 c6 10. Nc3 0-0 11. Bd2 dxc4 12. Bxc4 Nb6 13. Bb3 c5 14. Nb5 cxd4 15. Nxd6 Qxd6 16. Bc3 d3 17. Be5 Qe7 18. g4 Nfd5 19. Bd4 Rac8 20. g5 Nc4 21. Kf2 Nxf4 22. exf4 e3+ 23. Kg1 e2 24. Qxd3 exf1Q+ 25. Rxf1 b5 26. Bc2 g6 27. Rf3 Qe1+ 28. Rf1 Qd2 29. Bf6 Qe3+ 30. Rf2 Rfe8 31. h4 Qe1+ 32. Rf1 Qxh4 33. Bd4 Qg4+ 0-1

[Event "Reunion op 14th"]
[Site "St Denis"]
[Date "2012.10.08"]
[Round "4"]
[White "Hamon, Christian"]
[Black "Letreguilly, Olivier"]
[Result "0-1"]
[WhiteElo "2053"]
[BlackElo "2343"]
[PlyCount "92"]
[EventDate "2012.10.06"]
[EventType "swiss"]
[EventRounds "9"]
[EventCountry "RUF"]
[SourceTitle "EXT 2013"]
[Source "ChessBase"]
[SourceDate "2012.11.22"]
[SourceVersion "1"]
[SourceVersionDate "2012.11.22"]
[SourceQuality "1"]

1. d4 Nf6 2. c4 e6 3. Nf3 d5 4. g3 Bb4+ 5. Bd2 Be7 6. Bg2 0-0 7. 0-0 c6 8. Qc2 b6 9. Bf4 Bb7 10. Rd1 Nbd7 11. Nc3 a6 12. Ne5 Rc8 13. e4 Bb4 14. Nxd7 Nxd7 15. Qb3 Bxc3 16. bxc3 dxc4 17. Qxc4 b5 18. Qb4 a5 19. Qb3 Nb6 20. d5 a4 21. Qb4 cxd5 22. exd5 Nxd5 23. Qxb5 Bc6 24. Qa6 Qf6 25. Bd6 Qd8 26. Bxf8 Qxf8 27. Rac1 Qe8 28. c4 Nb4 29. Bxc6 Nxc6 30. Qxa4 Ra8 31. Qb5 Rb8 32. Qc5 e5 33. Rb1 Ra8 34. Rb7 Nd4 35. Qe7 Qxe7 36. Rxe7 f6 37. Rb1 h5 38. Rbb7 Kh7 39. Rxg7+ Kh6 40. h4 Rxa2 41. Rh7+ Kg6 42. Rbg7+ Kf5 43. Rxh5+ Ke4 44. Kg2 f5 45. Re7 Nf3 46. g4 f4 0-1